Country Names as Long as their Capital Names - Statistics

General Stats
  • This quiz has been taken 46 times
  • The average score is 19 of 34
Answer Stats
Continent Country Capital City % Correct
North America Canada Ottawa
85%
Africa Egypt Cairo
85%
Asia Japan Tokyo
79%
Europe Monaco Monaco
77%
South America Peru Lima
77%
Europe Russia Moscow
77%
Africa Algeria Algiers
69%
Oceania Fiji Suva
67%
South America Paraguay Asunción
67%
Europe Greece Athens
64%
Europe San Marino San Marino
64%
Oceania Nauru Yaren
62%
Europe Luxembourg Luxembourg
59%
Oceania New Zealand Wellington
59%
Asia Turkey Ankara
59%
Africa Djibouti Djibouti
56%
Europe Poland Warsaw
56%
Europe Vatican City Vatican City
56%
Africa Angola Luanda
54%
Europe Estonia Tallinn
51%
Africa Ghana Accra
49%
Asia Singapore Singapore
49%
Asia Taiwan Taipei
49%
Africa Zambia Lusaka
49%
Asia Yemen Sana'a
46%
Africa Gambia Banjul
44%
Africa Botswana Gaborone
41%
Africa Rwanda Kigali
41%
Africa Togo Lomé
41%
Africa Burkina Faso Ouagadougou
31%
Asia Armenia Yerevan
26%
Asia Georgia Tbilisi
26%
Africa Mauritania Nouakchott
23%
Africa Mauritius Port Louis
18%
No matching quizzes found
Score Distribution
Percent of People with Each Score
Percentile by Number Answered
Your Score History
You have not taken this quiz